[Event "AUTO-MASTER-885"]
[Site "http://www.queenalice.com/game.php?id=640903"]
[Date "2009.8.23"]
[Round "1"]
[White "Eyechess"]
[Black "sh_sla"]
[Result "1-0"]
[WhiteElo "2118"]
[BlackElo "1928"]

1. e4 f5 2. exf5 Nf6 3. d4 d5 4. Bd3 a6 5. Nf3 e6 6. fxe6 Bxe6 7. Ng5 Bg4 8. f3
Bh5 9. O-O Nc6 10. Re1+ Be7 11. Ne6 Qd6 12. Bf4 Qb4 13. Qc1 Kf7 14. Bxc7 Nxd4
15. c3 Nxf3+ 16. gxf3 Qh4 17. Ng5+ Ke8 18. Bg3 Qa4 19. Qe3 Qd7 20. Bf5 Qd8 21.
Ne6 Qa5 22. Nxg7+ Kf8 23. Qxe7+ Kg8 24. Be6+ 1-0

[Event "AUTO-MASTER-885"]
[Site "http://www.queenalice.com/game.php?id=640918"]
[Date "2009.8.23"]
[Round "1"]
[White "Eyechess"]
[Black "vinicius_rossitto"]
[Result "0-1"]
[WhiteElo "2134"]
[BlackElo "2188"]

1. e4 Nc6 2. d4 d5 3. e5 Bf5 4. Nf3 e6 5. Bd3 Nge7 6. h3 Qd7 7. O-O h6 8. a3 g5
9. Nbd2 Bxd3 10. cxd3 Nf5 11. Nb3 O-O-O 12. Be3 Be7 13. Bd2 Rdg8 14. g4 Nh4 15.
Nxh4 gxh4 16. Kh2 h5 17. gxh5 f6 18. f4 fxe5 19. dxe5 Rg3 20. Be1 Rg7 21. Bf2
Qe8 22. Rg1 Rxg1 23. Bxg1 Qf7 24. Be3 Rg8 25. Qe2 Qf5 26. Rg1 Rxg1 27. Kxg1 Qxh3
28. Bf2 Bf8 29. Qf1 Qg4+ 30. Qg2 Qxf4 31. Qg8 Kd7 32. h6 Qxh6 33. Qf7+ Kc8 34.
Nd4 Qg7+ 35. Qxg7 Bxg7 36. Nxc6 bxc6 37. Bd4 c5 38. Bxc5 Bxe5 39. b3 Bd6 40.
Bxa7 Bxa3 41. Bf2 Be7 42. Kh2 e5 43. Kh3 c5 44. Kg4 Kd7 45. Bg1 Ke6 46. Be3 d4
0-1

[Event "AUTO-MASTER-885"]
[Site "http://www.queenalice.com/game.php?id=640919"]
[Date "2009.8.23"]
[Round "1"]
[White "vinicius_rossitto"]
[Black "Eyechess"]
[Result "1-0"]
[WhiteElo "2001"]
[BlackElo "2140"]

1. Nf3 Nf6 2. d4 g6 3. Nc3 Bg7 4. e4 d6 5. Be2 Bg4 6. O-O Bxf3 7. Bxf3 Nc6 8.
Be3 O-O 9. Qd2 e5 10. d5 Nd4 11. Bxd4 exd4 12. Nb5 Re8 13. Rfe1 Re5 14. Qd3 c6
15. dxc6 bxc6 16. Nxd4 Qc7 17. Qa6 Rc5 18. b4 Rc3 19. e5 dxe5 20. Nb5 cxb5 21.
Bxa8 e4 22. Rad1 Rxc2 23. Bxe4 Nxe4 24. Rxe4 Qd7 25. Ree1 Bd4 26. Qf6 1-0

[Event "AUTO-MASTER-885"]
[Site "http://www.queenalice.com/game.php?id=640920"]
[Date "2009.8.23"]
[Round "1"]
[White "Eyechess"]
[Black "arrabi"]
[Result "1-0"]
[WhiteElo "2132"]
[BlackElo "2069"]

1. e4 c5 2. Nc3 Nc6 3. g3 d6 4. Bg2 Nf6 5. h3 g6 6. d3 Bg7 7. Be3 O-O 8. Qd2 a6
9. Nf3 b5 10. a3 b4 11. axb4 cxb4 12. Na4 Rb8 13. O-O Nd7 14. d4 a5 15. b3 Bb7
16. Rfe1 Qc7 17. Bh6 e5 18. Bxg7 Kxg7 19. c3 bxc3 20. Nxc3 Nxd4 21. Nxd4 exd4
22. Qxd4+ Kg8 23. Nb5 Qc5 24. Rxa5 Bxe4 25. Rxe4 Rxb5 26. Rxb5 Qxb5 27. Qxd6 Rb8
28. Re7 Rd8 29. Qc7 Qb6 30. Rxd7 Qxc7 31. Rxc7 Rd1+ 32. Bf1 Kf8 33. b4 Rb1 34.
b5 Ke8 35. Kg2 Kd8 36. Rxf7 Ke8 37. Rxh7 Rb2 38. Rg7 g5 39. Rxg5 Rb1 40. h4 Kd7
41. h5 Ke6 42. h6 Kf6 43. Rg8 Kf7 44. h7 Rb4 45. h8=Q Ke6 46. Rg6+ Kd5 47. Qc3
Rd4 48. Qc6+ Ke5 49. Qe6# 1-0

[Event "AUTO-MASTER-885"]
[Site "http://www.queenalice.com/game.php?id=640921"]
[Date "2009.8.23"]
[Round "1"]
[White "arrabi"]
[Black "Eyechess"]
[Result "0-1"]
[WhiteElo "1966"]
[BlackElo "2133"]

1. e4 e6 2. d4 d5 3. e5 c5 4. c3 Qb6 5. Qb3 cxd4 6. Qxb6 axb6 7. cxd4 Ne7 8. Nf3
Nbc6 9. Bb5 Bd7 10. Nc3 Nf5 11. Bxc6 bxc6 12. g4 Ne7 13. Nh4 h5 14. g5 c5 15.
Be3 Nc6 16. Nb5 Kd8 17. f4 Nb4 18. Na3 Nd3+ 19. Ke2 c4 20. Nc2 Nxb2 21. Rhb1 c3
22. Bc1 Bb5+ 23. Kf3 Bd3 24. Bxb2 Bxc2 25. Bxc3 Ra3 26. Rxb6 Rxc3+ 27. Ke2 Kc7
28. Ra6 Kb7 29. Ra4 Bxa4 30. g6 Rc2+ 31. Kf3 Be7 32. Ng2 Rhc8 33. gxf7 Rf8 34.
Rb1+ Ka6 35. Ne3 Rc3 36. Ke2 Rxf7 37. Rb8 Bb5+ 38. Kf3 g5 39. Ra8+ Kb7 40. Ra5
Rxf4+ 41. Kg2 Bd3 42. Nd1 Rc2+ 43. Kg3 h4+ 0-1

[Event "AUTO-OPEN-1666"]
[Site "http://www.queenalice.com/game.php?id=732868"]
[Date "2010.2.16"]
[Round "2"]
[White "Clovisto"]
[Black "Eyechess"]
[Result "0-1"]
[WhiteElo "1875"]
[BlackElo "2128"]

1. e4 e6 2. d4 d5 3. e5 c5 4. c3 Qb6 5. Nf3 Nc6 6. a4 cxd4 7. a5 Qd8 8. Nxd4
Nxe5 9. Qa4+ Bd7 10. Bb5 Nf6 11. O-O a6 12. Bxd7+ Qxd7 13. Qxd7+ Kxd7 14. b4 Bd6
15. b5 Rhc8 16. f4 Nc4 17. f5 e5 18. bxa6 bxa6 19. Nf3 Bc5+ 20. Kh1 e4 21. Ng5
Ng4 22. h3 Nf2+ 23. Kh2 h6 24. Nxf7 Rf8 25. Ra2 e3 26. Ba3 Nxa3 27. Ne5+ Kd6 28.
Nxa3 Kxe5 29. g4 Rab8 30. Nc2 Ne4 31. Nd4 Bxd4 32. cxd4+ Kxd4 33. Rc2 Kd3 34.
Rc6 Rb2+ 35. Kg1 Nd2 36. Rfc1 Nf3+ 0-1

[Event "AUTO-OPEN-1666"]
[Site "http://www.queenalice.com/game.php?id=732869"]
[Date "2010.2.16"]
[Round "2"]
[White "Eyechess"]
[Black "Clovisto"]
[Result "1-0"]
[WhiteElo "2124"]
[BlackElo "1869"]

1. d4 e6 2. e4 c6 3. Be3 h6 4. Nc3 Bb4 5. Qg4 g6 6. Ne2 Nf6 7. Qf3 d5 8. e5 Ne4
9. O-O-O Nxc3 10. Nxc3 Bxc3 11. bxc3 Qa5 12. Qf6 Rg8 13. Bxh6 Nd7 14. Qf3 Qxa2
15. Kd2 Nb6 16. Bg5 Bd7 17. Qf6 Qa3 18. Ra1 Qf8 19. Rxa7 Rb8 20. Rxb7 Ra8 21.
Rxb6 Rh8 22. Bd3 Rh5 23. Rhb1 Rc8 24. Ba6 Rxg5 25. Bxc8 Qh6 26. Bxd7+ 1-0

[Event "AUTO-OPEN-1666"]
[Site "http://www.queenalice.com/game.php?id=732872"]
[Date "2010.2.16"]
[Round "2"]
[White "whyBish"]
[Black "Eyechess"]
[Result "0-1"]
[WhiteElo "2069"]
[BlackElo "2124"]

1. Nf3 Nf6 2. c4 g6 3. d4 Bg7 4. Nc3 d5 5. Bf4 O-O 6. e3 c5 7. dxc5 Ne4 8. Rc1
Nxc3 9. bxc3 Nd7 10. cxd5 Nxc5 11. Be2 Bf5 12. O-O Qa5 13. Nd4 Be4 14. c4 e5 15.
f3 Bd3 16. Bxd3 exf4 17. Nb3 Qb6 18. Kh1 fxe3 19. Nxc5 Qxc5 20. Re1 b6 21. Re2
Rfe8 22. Qb3 Rac8 23. Rce1 Bd4 24. Rc2 h5 25. Be2 Qd6 26. Rd1 Bc5 27. Rd3 h4 28.
Rcc3 Qe5 29. Rc1 Bd6 0-1

[Event "AUTO-OPEN-1666"]
[Site "http://www.queenalice.com/game.php?id=732873"]
[Date "2010.2.16"]
[Round "2"]
[White "Eyechess"]
[Black "whyBish"]
[Result "1-0"]
[WhiteElo "2142"]
[BlackElo "2036"]

1. d4 Nf6 2. c4 e6 3. Nc3 Bb4 4. e3 b6 5. Ne2 Ne4 6. Qc2 f5 7. a3 Bxc3+ 8. Nxc3
Bb7 9. Nxe4 fxe4 10. Be2 O-O 11. O-O Rf6 12. h3 Rg6 13. Bh5 Rg5 14. Bg4 Qf6 15.
Qd1 Qg6 16. Kh1 a5 17. b3 d5 18. f4 exf3 19. Bxf3 Nd7 20. e4 dxe4 21. Bg4 Rxg4
22. Qxg4 Qxg4 23. hxg4 h6 24. g5 hxg5 25. Bxg5 c5 26. dxc5 Nxc5 27. Rab1 Rf8 28.
Rxf8+ Kxf8 29. Kg1 Kf7 30. b4 axb4 31. axb4 Nd7 32. Be3 Kf6 33. Ra1 Ne5 34. Bd4
Kf5 35. Rf1+ Nf3+ 36. gxf3 exf3 37. b5 g5 38. Bxb6 e5 39. c5 e4 40. c6 Bxc6 41.
bxc6 Ke6 42. c7 Kd7 43. Rd1+ 1-0

[Event "AUTO-MASTER-885"]
[Site "http://www.queenalice.com/game.php?id=767518"]
[Date "2010.4.28"]
[Round "2"]
[White "Catalin"]
[Black "Eyechess"]
[Result "0-1"]
[WhiteElo "2212"]
[BlackElo "2162"]

1. e4 e6 2. Nc3 Nc6 3. Nf3 Bb4 4. Bb5 a6 5. Bxc6 dxc6 6. Ne2 Nf6 7. e5 Nd5 8. a3
Be7 9. c4 Nb6 10. d3 c5 11. O-O O-O 12. a4 a5 13. b3 Bd7 14. Nf4 Bc6 15. Bd2 g5
16. Nh5 Qxd3 17. Be3 Qg6 18. Nf6+ Bxf6 19. exf6 Rfd8 20. Qe2 Qd3 21. Qxd3 Rxd3
22. Nxg5 Rxb3 23. Bxc5 Nxa4 24. Bd4 Nb6 25. Rfc1 Nd7 26. Rc3 Rxc3 27. Bxc3 a4
28. Kf1 a3 29. Ra2 h6 30. Nh3 Be4 31. Kg1 Bb1 32. Ra1 a2 33. Bd4 Ra4 34. Be3
Rxc4 35. Kf1 b5 36. f3 Nxf6 37. Nf2 Nd5 38. Bd2 c5 39. Nd1 b4 40. Bxh6 b3 41.
Kf2 Rc2+ 42. Kf1 c4 43. h4 c3 0-1

[Event "AUTO-MASTER-885"]
[Site "http://www.queenalice.com/game.php?id=767519"]
[Date "2010.4.28"]
[Round "2"]
[White "Eyechess"]
[Black "Catalin"]
[Result "1-0"]
[WhiteElo "2198"]
[BlackElo "2152"]

1. d4 d5 2. c4 e6 3. Nc3 Nf6 4. cxd5 exd5 5. Bg5 c6 6. Qc2 Bb4 7. a3 Bxc3+ 8.
bxc3 O-O 9. e3 h6 10. Bh4 Nbd7 11. Nf3 g5 12. Bg3 Nh5 13. Bd3 Qe7 14. c4 dxc4
15. Bxc4 Kh8 16. O-O Nxg3 17. hxg3 g4 18. Nd2 Nf6 19. a4 Rd8 20. a5 Be6 21. Bxe6
Qxe6 22. Rab1 Rab8 23. Nc4 a6 24. Rb4 Rd5 25. Rc1 Qe7 26. Qb2 Rb5 27. Rxb5 axb5
28. Ne5 Kg8 29. a6 Nd7 30. Nxd7 Qxd7 31. a7 Ra8 32. Ra1 b6 33. Qa3 b4 34. Qxb4
Rxa7 35. Rxa7 Qxa7 36. Qd6 Qb7 37. Qxh6 Qd7 38. f3 gxf3 39. gxf3 b5 40. Qg5+ Kh7
41. Qh5+ Kg7 42. Kf2 Qd6 43. Qg5+ Kf8 44. Qc5 Qxc5 45. dxc5 Ke7 46. e4 Kd7 47.
Ke3 f6 48. f4 Ke7 49. g4 Kd7 50. f5 Kd8 51. Kd4 Ke7 52. e5 Kf7 53. exf6 Kxf6 54.
Ke4 Ke7 55. g5 1-0

[Event "AUTO-MASTER-885"]
[Site "http://www.queenalice.com/game.php?id=767526"]
[Date "2010.4.28"]
[Round "2"]
[White "Eyechess"]
[Black "SirKnight"]
[Result "1-0"]
[WhiteElo "2176"]
[BlackElo "2148"]

1. d4 Nf6 2. c4 e6 3. Nc3 Bb4 4. Qc2 O-O 5. a3 Bxc3+ 6. bxc3 b6 7. e4 h6 8. e5
Ne8 9. Be2 Bb7 10. Nf3 d6 11. O-O Nd7 12. a4 dxe5 13. Nxe5 Nd6 14. Re1 Nxe5 15.
dxe5 Be4 16. Qd2 Nf5 17. Bg4 Qxd2 18. Bxd2 Bd3 19. Bf3 Rad8 20. c5 bxc5 21. Bc1
Bc4 22. Ba3 Bd5 23. Bxc5 Rfe8 24. Be2 Bc6 25. Bxa7 Ra8 26. Bb5 Rxa7 27. Bxc6 Rd8
28. a5 Ne7 29. Bf3 c6 30. a6 Rda8 31. Be2 Nd5 32. Ra3 Nc7 33. Rea1 Nb5 34. Bxb5
cxb5 35. f4 Kf8 36. Ra5 Ke8 37. g4 g6 38. Kf2 Kd7 39. Rd1+ Kc7 40. Rd6 Rd8 41.
Rxd8 Kxd8 42. Rxb5 Rxa6 43. Rb8+ Ke7 44. Rb2 Ra4 45. Rb4 Ra2+ 46. Kg3 Ra7 47. h4
Rd7 48. c4 Rd3+ 49. Kg2 Rd7 50. Kf3 Rc7 51. Ke4 f5+ 52. exf6+ Kxf6 53. Ra4 Rc5
54. Kd4 Rc6 55. c5 Rc7 56. Rc4 Rc6 57. Rc3 h5 58. gxh5 gxh5 59. Ke4 1-0

[Event "AUTO-MASTER-885"]
[Site "http://www.queenalice.com/game.php?id=767527"]
[Date "2010.4.28"]
[Round "2"]
[White "SirKnight"]
[Black "Eyechess"]
[Result "0-1"]
[WhiteElo "2134"]
[BlackElo "2151"]

1. e4 e6 2. d4 d5 3. Nd2 dxe4 4. Nxe4 Be7 5. Nf3 Nf6 6. Bd3 Nxe4 7. Bxe4 Nd7 8.
O-O Nf6 9. Bd3 O-O 10. Re1 c5 11. Bg5 cxd4 12. Nxd4 h6 13. Bh4 Qb6 14. Rb1 Rd8
15. Nf5 exf5 16. Rxe7 g5 17. Qf3 Qc6 18. Qxc6 bxc6 19. Bc4 Nd5 20. Bxd5 Rxd5 21.
Rbe1 Be6 22. Bg3 f4 0-1

[Event "AUTO-OPEN-1666"]
[Site "http://www.queenalice.com/game.php?id=768641"]
[Date "2010.4.30"]
[Round "3"]
[White "Eyechess"]
[Black "Pedro666"]
[Result "1/2-1/2"]
[WhiteElo "2225"]
[BlackElo "2343"]

1. e4 Nf6 2. e5 Nd5 3. d4 d6 4. Nf3 Bg4 5. Be2 c6 6. c4 Nb6 7. exd6 Bxf3 8. Bxf3
Nxc4 9. dxe7 Bxe7 10. O-O O-O 11. Qb3 Nb6 12. Nc3 Qxd4 13. Re1 Qb4 14. Qc2 Bf6
15. a3 Qc4 16. Re4 Qc5 17. Be3 Qf5 18. Rd1 Na6 19. h3 Rad8 20. Rxd8 Bxd8 21. Ne2
Nd5 22. Bxa7 Bc7 23. Rc4 Qxc2 24. Rxc2 Bb6 25. Bxb6 Nxb6 26. Nd4 Nc7 27. Rc3 Nd7
28. Rd3 Nc5 29. Re3 Re8 30. Rxe8+ Nxe8 31. b4 Ne6 32. Nxe6 fxe6 33. a4 Nd6 34.
Kf1 Kf7 35. Ke2 1/2-1/2

[Event "AUTO-OPEN-1666"]
[Site "http://www.queenalice.com/game.php?id=768642"]
[Date "2010.4.30"]
[Round "3"]
[White "Pedro666"]
[Black "Eyechess"]
[Result "0-1"]
[WhiteElo "2356"]
[BlackElo "2209"]

1. Nf3 Nf6 2. g3 e6 3. Bg2 d5 4. O-O b6 5. c4 Bb7 6. d4 Nbd7 7. Nbd2 Be7 8. b3
O-O 9. Bb2 c5 10. Rc1 a5 11. Ne5 cxd4 12. Bxd4 Ba3 13. Rb1 Nxe5 14. Bxe5 Qe7 15.
e3 Rfd8 16. Qf3 Nd7 17. Ba1 Nc5 18. Qf4 f5 19. Rfd1 Rac8 20. cxd5 Nd3 21. Qd4
Bxd5 22. Bxd5 Rxd5 23. Qxb6 Rcd8 24. Nc4 Bc5 25. Qxa5 Bxe3 26. Qa3 Bxf2+ 27. Kf1
Bc5 28. Qa5 Qb7 29. Qc3 Re5 0-1

[Event "Challenge"]
[Site "http://www.queenalice.com/game.php?id=773565"]
[Date "2010.5.10"]
[Round "-"]
[White "anmarton"]
[Black "Eyechess"]
[Result "0-1"]
[WhiteElo "2010"]
[BlackElo "2229"]

1. e4 e6 2. d4 d5 3. Nc3 dxe4 4. Nxe4 Be7 5. Nf3 Nf6 6. Bd3 Nxe4 7. Bxe4 Nd7 8.
O-O c5 9. c3 O-O 10. Qe2 Qc7 11. g3 cxd4 12. cxd4 Nf6 13. Bf4 Qa5 14. Bd3 b6 15.
a3 Bb7 16. Bc4 Qf5 17. Ne5 Qh3 18. f3 Rfd8 19. Rad1 Nd5 20. Bc1 Rac8 21. Rf2 Rc7
22. Qf1 Qxf1+ 23. Bxf1 Rdc8 24. Bd2 Rc2 25. Be1 Ne3 26. Rxc2 Rxc2 27. Rd2 Rxd2
28. Bxd2 Nxf1 29. Kxf1 f6 30. Nd3 Bxf3 31. Bb4 Kf7 32. Kf2 Be4 33. Bxe7 Kxe7 34.
Nc1 g5 35. Ke3 f5 36. Ne2 h6 37. Nc3 Bc6 38. Nd1 Kd6 39. Nf2 Bb5 40. b3 Bf1 0-1

[Event "Challenge"]
[Site "http://www.queenalice.com/game.php?id=773566"]
[Date "2010.5.10"]
[Round "-"]
[White "Eyechess"]
[Black "anmarton"]
[Result "1-0"]
[WhiteElo "2187"]
[BlackElo "2150"]

1. c4 e5 2. g3 Nf6 3. Bg2 d5 4. cxd5 Nxd5 5. Nc3 Nb6 6. Nf3 Nc6 7. d3 f6 8. O-O
Be6 9. Be3 Be7 10. d4 exd4 11. Nxd4 Nxd4 12. Bxd4 c6 13. Ne4 Bd5 14. e3 O-O 15.
Qc2 Kh8 16. Rfd1 Qe8 17. Nc5 Bxg2 18. Kxg2 Bxc5 19. Bxc5 Rf7 20. a4 Nd7 21. Bd4
Nf8 22. b4 Rd7 23. b5 Rc8 24. Rac1 c5 25. Ba1 b6 26. Rxd7 Nxd7 27. Qd3 Ne5 28.
Bxe5 Qxe5 29. Rd1 Kg8 30. Qc4+ Kh8 31. Rd7 f5 32. Rxa7 Qa1 33. Qe6 1-0

[Event "AUTO-MASTER-885"]
[Site "http://www.queenalice.com/game.php?id=830718"]
[Date "2010.9.10"]
[Round "3"]
[White "Eyechess"]
[Black "arrabi"]
[Result "1-0"]
[WhiteElo "2248"]
[BlackElo "1830"]

1. d4 d5 2. c4 Nf6 3. Nf3 c6 4. g3 g6 5. Nbd2 Bg7 6. Bg2 O-O 7. O-O Bf5 8. e3 a6
9. a4 Nbd7 10. Qb3 b5 11. c5 Re8 12. Qd1 e5 13. dxe5 Nxe5 14. Nxe5 Rxe5 15. Nf3
Re7 16. Nd4 Qc8 17. axb5 axb5 18. Rxa8 Qxa8 19. Nxf5 gxf5 20. Bh3 Qc8 21. f3 Bh6
22. e4 Bxc1 23. Qxc1 Kh8 24. Bxf5 Qf8 25. Qf4 Qg7 26. Ra1 Re8 27. Ra6 Nh5 28.
Qh4 Qd4+ 29. Kg2 Qxb2+ 30. Kh3 Nf6 31. Rxc6 Re6 32. Rc8+ 1-0

[Event "AUTO-MASTER-885"]
[Site "http://www.queenalice.com/game.php?id=830719"]
[Date "2010.9.10"]
[Round "3"]
[White "arrabi"]
[Black "Eyechess"]
[Result "0-1"]
[WhiteElo "1969"]
[BlackElo "2259"]

1. e4 e6 2. d4 d5 3. e5 c5 4. c3 Qb6 5. b3 cxd4 6. cxd4 Bb4+ 7. Ke2 Bd7 8. f3
Nc6 9. Be3 f6 10. Kf2 fxe5 11. Ne2 Nf6 12. dxe5 Bc5 13. Bxc5 Qxc5+ 14. Ke1 Nxe5
15. Nbc3 Qe3 16. Qd2 Nd3+ 17. Kd1 Nf2+ 18. Kc2 Qxd2+ 19. Kxd2 Nxh1 20. Ke3 e5
21. Nd1 O-O 22. g4 Nxg4+ 23. fxg4 Bxg4 24. Nb2 Rf2 25. Nd3 Rxh2 26. Rc1 Bxe2 27.
Bxe2 d4+ 28. Kd2 e4 29. Rxh1 e3+ 30. Kc2 Rc8+ 31. Kb2 Rxh1 32. Bf3 Rh2+ 33. Ka3
Rcc2 34. Bxb7 Rhd2 35. Nb4 e2 36. Bd5+ Kf8 37. Nxc2 Rxc2 0-1

[Event "AUTO-MASTER-885"]
[Site "http://www.queenalice.com/game.php?id=830720"]
[Date "2010.9.10"]
[Round "3"]
[White "Eyechess"]
[Black "docb"]
[Result "1-0"]
[WhiteElo "2241"]
[BlackElo "2060"]

1. d4 d5 2. c4 c6 3. Nf3 Nf6 4. g3 Bf5 5. Qb3 Qc8 6. Bd2 e6 7. cxd5 exd5 8. Bg2
Bd6 9. Qe3+ Qe6 10. Qxe6+ Bxe6 11. O-O O-O 12. Nc3 Nbd7 13. Ng5 Bf5 14. f3 h6
15. e4 dxe4 16. Ngxe4 Bc7 17. Rfe1 Rad8 18. Rad1 Nxe4 19. fxe4 Bg4 20. Rc1 Nb6
21. Nd5 Bb8 22. Nxb6 axb6 23. d5 c5 24. e5 Be6 25. dxe6 Rxd2 26. e7 Re8 27. Red1
Rd4 28. Rxd4 cxd4 29. Bh3 f5 30. Bxf5 Kf7 31. Bd7 Rxe7 32. Rf1+ Kg6 33. e6 Be5
34. Kg2 Bf6 35. a4 d3 36. Rf2 Bd4 37. Rd2 Kh7 38. b3 g5 39. Rxd3 Bc5 40. Kf3 Rg7
41. Rd5 Rg8 42. Rxc5 bxc5 43. e7 1-0

[Event "AUTO-MASTER-885"]
[Site "http://www.queenalice.com/game.php?id=830721"]
[Date "2010.9.10"]
[Round "3"]
[White "docb"]
[Black "Eyechess"]
[Result "0-1"]
[WhiteElo "2069"]
[BlackElo "2234"]

1. e4 e6 2. d4 d5 3. Nd2 dxe4 4. Nxe4 Be7 5. Nf3 Nf6 6. Nxf6+ Bxf6 7. c3 b6 8.
Bb5+ Bd7 9. Qb3 O-O 10. O-O Bxb5 11. Qxb5 a6 12. Qe2 Qd6 13. g3 Nd7 14. Bf4 Qc6
15. Rfe1 h6 16. Ne5 Bxe5 17. Bxe5 f6 18. Bf4 e5 19. dxe5 fxe5 20. Be3 Rae8 21.
Qxa6 e4 22. Bd4 Ne5 23. Bxe5 Rxe5 24. Rad1 Ref5 25. Rd2 Rf3 26. Rde2 Ra8 27.
Qxa8+ Qxa8 28. Rxe4 Qxa2 29. R1e2 Rd3 30. Kg2 Qd5 31. f3 Rd2 32. Kf2 Rxe2+ 33.
Rxe2 Qc5+ 34. Kg2 Kf7 35. Rf2 Qe3 36. Rc2 Qd3 37. Rf2 g5 38. h3 h5 39. Kh2 h4
40. gxh4 gxh4 41. Kg2 Qg6+ 42. Kf1 Qg3 43. Ke2 Qxh3 44. f4 Qf5 0-1

[Event "AUTO-MASTER-885"]
[Site "http://www.queenalice.com/game.php?id=830722"]
[Date "2010.9.10"]
[Round "3"]
[White "Eyechess"]
[Black "deltaboy"]
[Result "1-0"]
[WhiteElo "2249"]
[BlackElo "2198"]

1. d4 Nf6 2. c4 c5 3. d5 g6 4. Nc3 Bg7 5. g3 O-O 6. Bg2 d6 7. Nh3 h6 8. O-O Bd7
9. Qc2 Na6 10. a3 Nc7 11. Bd2 g5 12. f4 g4 13. Nf2 b5 14. e4 bxc4 15. e5 Nfe8
16. Rae1 Rb8 17. Bc1 f5 18. Qe2 a6 19. Qxc4 Bb5 20. Nxb5 axb5 21. Qd3 h5 22. h3
Rf7 23. hxg4 hxg4 24. Re2 c4 25. Qd1 e6 26. dxe6 Re7 27. Qc2 dxe5 28. Rd1 Qc8
29. Qxf5 Qxe6 30. Qg5 Rd7 31. Rxd7 Qxd7 32. Rd2 Qe6 33. f5 Qh6 34. Qxg4 Qe3 35.
Rd1 Qc5 36. Rd7 1-0

[Event "AUTO-MASTER-885"]
[Site "http://www.queenalice.com/game.php?id=830723"]
[Date "2010.9.10"]
[Round "3"]
[White "deltaboy"]
[Black "Eyechess"]
[Result "0-1"]
[WhiteElo "2245"]
[BlackElo "2262"]

1. e4 e6 2. d4 d5 3. Nc3 dxe4 4. Nxe4 Be7 5. Bd3 Nf6 6. Nf3 Nbd7 7. O-O Nxe4 8.
Bxe4 Nf6 9. Bd3 O-O 10. Ne5 c6 11. c4 Nd7 12. Nxd7 Qxd7 13. Be3 Rd8 14. Be4 Qc7
15. Qc2 f5 16. Bd3 Bf6 17. Rad1 g5 18. Be2 f4 19. Bc1 Bxd4 20. h4 Qe7 21. hxg5
Qxg5 22. c5 e5 23. b4 Bf5 24. Bd3 Bxd3 25. Rxd3 Kh8 26. Rh3 Rd7 27. Rd1 Qg4 28.
Kh1 Rg8 29. Rg1 Rg5 30. Qd1 Bxf2 31. Qxg4 Rxg4 32. Rf1 Bd4 33. Rd1 Rdg7 34. Rd2
f3 35. gxf3 Rg1+ 36. Kh2 Rxc1 37. Rg3 Rxg3 38. Kxg3 Rb1 39. a3 Rb3 40. Kg4 Kg7
41. f4 Kg6 42. fxe5 h5+ 43. Kh4 Bxe5 44. Rg2+ Kh6 0-1

[Event "Challenge"]
[Site "http://www.queenalice.com/game.php?id=861236"]
[Date "2010.11.20"]
[Round "-"]
[White "maickell"]
[Black "Eyechess"]
[Result "1-0"]
[WhiteElo "2302"]
[BlackElo "2273"]

1. e4 e6 2. d4 d5 3. Nc3 dxe4 4. Nxe4 Be7 5. Nf3 Nf6 6. Bb5+ Bd7 7. Bd3 Nxe4 8.
Bxe4 Bc6 9. Bd3 O-O 10. O-O Nd7 11. a3 Bd6 12. Ng5 h6 13. Bh7+ Kh8 14. Bd3 e5
15. Ne4 Qe7 16. Re1 f5 17. Nxd6 Qxd6 18. dxe5 Nxe5 19. Bf1 Nf3+ 20. gxf3 Qg6+
21. Bg2 Rad8 22. Qe2 Rfe8 23. Be3 f4 24. Rad1 fxe3 25. fxe3 Qg5 26. e4 a6 27. c3
Rf8 28. Rd4 Rd6 29. Rxd6 cxd6 30. Qe3 Qh4 31. Rd1 Rf6 32. Rd4 Rg6 33. Kh1 Kh7
34. Qd2 Qf6 35. c4 Qe7 36. Qe3 Rf6 37. Qc3 Qe5 38. Rd3 Qf4 39. Rd1 Rg6 40. Qd2
Qe5 41. b3 Qc5 42. a4 Qb6 43. Qc2 Qe3 44. Qd3 Qf2 45. Rd2 Qe1+ 46. Bf1 Kh8 47.
Qe2 Qh4 48. Bg2 Qf6 49. Rd1 Qc3 50. Rd3 Qe5 51. Bh3 Rg5 52. Rd1 Qf4 53. Rd3 Qe5
54. Rd1 Qf4 55. Re1 Qh4 56. Bc8 1-0